000 00723cab a2200229 4500
001 ABS50467
008 090401t1994 xxu||||| |||| 00| 0 eng d
035 _a(Sirsi) u75932
041 _aeng
245 _aComputers: housebuilders
260 _c1994
350 _a0
490 _aBuilding
_v259(7839) 15 April 1994, 46-48
520 _aLooks at how houseubilders Westbury, Mccarthy & Stone and Laing Homes are benefiting from information technology in their day-to-day operations.
650 _aEXPERT SYSTEMS
650 _aHOUSE BUILDERS
650 _aSOFTWARE PACKAGES
690 _aBUILT ENVIRONMENT
690 _aMANAGEMENT-BUSINESS MANAGEMENT-INFORMATION MANAGEMENT
942 _n0
948 _c04/03/1997
999 _c47770
_d47770